[Event "1994/95 Cepacol Australian Open"]
[Site "Kings Perth Hotel"]
[Date "1994.12.28"]
[Round "1"]
[White "Anderson-Smith, William"]
[Black "Wohl, Aleksandar H"]
[Result "0-1"]
[WhiteElo "1556"]
[BlackElo "2305"]

1.d4 d5 2.c4 dxc4 3.Nf3 a6 4.e3 Nf6 5.Bxc4 e6 6.O-O Nbd7 7.a4 b6 8.Nc3 Bb7
9.Bd2 Bd6 10.Qe2 c5 11.dxc5 Nxc5 12.Rfd1 O-O 13.Rac1 Qe7 14.b4 Ncd7 15.b5 
a5 16.Nd4 Rac8 17.Bd3 Ne5 18.f4 Nxd3 19.Qxd3 Rfd8 20.Qf1 Bc5 21.Be1 Ng4 
22.Bf2 Bxd4 23.exd4 Qa3 24.d5 Rxc3 25.Rxc3 Qxc3 26.Bxb6 Rxd5 27.Rc1 Qd2 
28.Rc7 Rd7 29.Rxd7 Qxd7 30.h3 Qd6 0-1

[Event "1994/95 Cepacol Australian Open"]
[Site "Kings Perth Hotel"]
[Date "1994.12.28"]
[Round "1"]
[White "Byrne, Stewart"]
[Black "Anton, Bernard"]
[Result "1-0"]
[WhiteElo "2175"]
[BlackElo "1540"]

1.d4 Nf6 2.c4 g6 3.Nc3 Bg7 4.e4 d6 5.Nf3 O-O 6.Be2 Nbd7 7.O-O e5 8.Re1 Ng4
9.h3 Nh6 10.Be3 f5 11.Bg5 Qe8 12.c5 c6 13.Bc4+ Nf7 14.cxd6 Kh8 15.Be7 b6 
16.Bxf8 Qxf8 17.Bxf7 Qxf7 18.dxe5 h6 19.exf5 1-0

[Event "1994/95 Cepacol Australian Open"]
[Site "Kings Perth Hotel"]
[Date "1994.12.28"]
[Round "1"]
[White "Egan, William"]
[Black "Ellis, David"]
[Result "0-1"]
[WhiteElo "1514"]
[BlackElo "1943"]

1.d4 e6 2.c4 Bb4+ 3.Nc3 f5 4.Bd2 Nf6 5.g3 O-O 6.Bg2 d6 7.e3 a5 8.Nge2 c6 
9.O-O e5 10.a3 Bxc3 11.Nxc3 Na6 12.b4 axb4 13.axb4 Be6 14.d5 cxd5 15.Nxd5 
Bxd5 16.cxd5 Nc7 17.Qb3 Qd7 18.Bc3 Kh8 19.f4 e4 20.Bxf6 Rxf6 21.Rxa8+ Nxa8
22.Ra1 Rf8 23.Bf1 Nb6 24.Ra5 Rc8 25.Rb5 Qc7 26.Qa3 Nd7 27.Qa7 b6 28.Qxc7 
Rxc7 29.Bh3 g6 30.g4 fxg4 31.Bxg4 Nf6 32.Bh3 Rb7 33.Bg2 Ne8 34.Bxe4 Nc7 
35.Bd3 Nxb5 36.Bxb5 Kg7 37.Kf2 Kf6 38.Kf3 Ra7 39.Be2 Ra3 40.b5 Kf5 41.Bf1 
Rb3 42.Bh3+ Kf6 43.Bd7 g5 44.fxg5+ Kxg5 45.h3 h5 46.Ke4 Rb4+ 47.Kf3 Kf6 
48.Bc6 Ke5 49.Kg3 Kf5 50.Kf3 Kg5 51.Kg3 Re4 52.Kf3 Re7 53.e4 Kh4 54.Kf4 
Kxh3 0-1

[Event "1994/95 Cepacol Australian Open"]
[Site "Kings Perth Hotel"]
[Date "1994.12.28"]
[Round "1"]
[White "Teh, Eu-Jin"]
[Black "Scott, Kevin"]
[Result "1-0"]
[WhiteElo "1862"]
[BlackElo "1452"]

1.e4 e6 2.d4 d5 3.Nd2 Nf6 4.e5 Nfd7 5.Bd3 c5 6.c3 Nc6 7.Ne2 cxd4 8.cxd4 f6
9.exf6 Nxf6 10.Nf3 Bd6 11.O-O Qc7 12.Nc3 a6 13.Bg5 O-O 14.a3 Ng4 15.h3 Nh2
16.Nxh2 Bxh2+ 17.Kh1 Bf4 18.Bxf4 Rxf4 19.Ne2 Rf6 20.f4 g6 21.Qd2 Qb6 22.
Qe3 Bd7 23.Rfc1 Re8 24.Rc5 Rc8 25.b4 Qa7 26.g4 b6 27.Rc3 b5 28.Rac1 Qb8 
29.Rf1 e5 30.dxe5 Nxe5 31.Rxc8+ Bxc8 32.Qd4 Qd6 33.Rc1 Nc4 34.Rc3 Bb7 35.
Kh2 Rf7 36.Bxc4 bxc4 37.Rxc4 g5 38.Kg3 gxf4+ 1-0

[Event "1994/95 Cepacol Australian Open"]
[Site "Kings Perth Hotel"]
[Date "1994.12.28"]
[Round "1"]
[White "Teh, Sulyn"]
[Black "Hirschhorn, Jeremy"]
[Result "0-1"]
[WhiteElo "1531"]
[BlackElo "1987"]

1.e4 c5 2.c3 Nf6 3.e5 Nd5 4.Nf3 e6 5.d4 b6 6.Bc4 Bb7 7.a3 Qc7 8.Nbd2 cxd4 
9.cxd4 d6 10.O-O Nd7 11.Re1 a6 12.Qb3 Be7 13.exd6 Qxd6 14.Ne4 Qc7 15.Qd3 
N7f6 16.Ne5 Nxe4 17.Rxe4 Bf6 18.Bb3 Rd8 19.Re1 Bxe5 20.dxe5 Nf4 21.Qg3 Ng6
22.Bg5 Rd4 23.Rac1 Qd7 24.Rcd1 O-O 25.Be3 Rxd1 26.Rxd1 Qb5 27.Bd4 Rd8 28.
Qg5 Rd7 29.Bc2 Qc6 30.Bxg6 hxg6 31.h3 Qe4 32.Qg4 Qc2 33.Kh2 Be4 34.Re1 
Rxd4 35.f3 Bxf3 36.Qxf3 Rd2 37.Rg1 Qxb2 38.Qa8+ Kh7 39.Qxa6 Qxe5+ 40.Kh1 
Qe3 41.Qb7 Qf2 42.Rb1 Ra2 43.Rxb6 Rxa3 44.Rb1 Re3 45.Qb4 Re2 46.Rg1 e5 0-1

[Event "1994/95 Cepacol Australian Open"]
[Site "Kings Perth Hotel"]
[Date "1994.12.28"]
[Round "1"]
[White "Lamberts, Gunars"]
[Black "Salter, Michael"]
[Result "0-1"]
[WhiteElo "1484"]
[BlackElo "1883"]

1.d4 Nf6 2.Nf3 b6 3.e3 Bb7 4.Bd3 c5 5.c3 g6 6.O-O Bg7 7.Nbd2 O-O 8.dxc5 
bxc5 9.e4 Qc7 10.Re1 Nc6 11.Nf1 Rab8 12.Rb1 Ba8 13.Be3 d6 14.h3 Rfd8 15.
Bf4 Ne5 16.Bxe5 dxe5 17.Qe2 Nh5 18.Bc4 e6 19.Qc2 h6 20.Rbd1 Nf4 21.Kh2 Kh7
22.Rxd8 Rxd8 23.g3 Nh5 24.Ng1 Bf6 25.f3 Qd6 26.Ne3 Bg5 27.Rd1 Qxd1 28.Qxd1
Rxd1 29.Nxd1 f5 30.Bxe6 fxe4 31.fxe4 Bxe4 32.Bg4 Nf6 33.Nf3 Nxg4+ 34.hxg4 
Bxf3 35.Nf2 e4 36.Kg1 Bd2 37.Nxe4 Bxe4 38.Kf2 Kg7 39.c4 Bd3 40.b3 Bb1 41.
Ke2 Bb4 42.Ke3 Bxa2 43.Kd3 Ba3 44.Kc3 Kf6 45.Kd3 Kg5 46.Ke4 Kxg4 47.Kd5 
Bxb3 48.Kc6 Kxg3 49.Kb5 h5 50.Ka6 h4 0-1

[Event "1994/95 Cepacol Australian Open"]
[Site "Kings Perth Hotel"]
[Date "1994.12.28"]
[Round "1"]
[White "Boyd, Tristan"]
[Black "Low, Sam"]
[Result "0-1"]
[WhiteElo "1443"]
[BlackElo "1852"]

1.d4 Nf6 2.c4 d6 3.Nc3 Nbd7 4.Nf3 e5 5.Bg5 Be7 6.e4 O-O 7.Be2 c6 8.O-O Qc7
9.Qc2 a6 10.Rac1 Re8 11.Qb1 Qb8 12.d5 a5 13.b3 Nc5 14.Nd2 Nxd5 15.cxd5 
Bxg5 16.Rcd1 cxd5 17.exd5 f5 18.Nf3 Bf6 19.Nb5 Bd7 20.Na3 b5 21.Nc2 Ne4 
22.Qb2 b4 23.Bc4 Nc3 24.Rd2 Qb6 25.Re1 g5 26.Kf1 g4 27.Ng1 Re7 28.Ne3 Bg5 
29.Qc2 Rf8 30.Ne2 Ne4 31.Rd3 f4 32.Nd1 Bf5 33.Qb2 Rg7 34.f3 Nf6 35.Rd2 
gxf3 36.Ng1 fxg2+ 37.Rxg2 Be4 0-1

[Event "1994/95 Cepacol Australian Open"]
[Site "Kings Perth Hotel"]
[Date "1994.12.28"]
[Round "1"]
[White "Fraser, Lee"]
[Black "Suryadinata, Henry"]
[Result "0-1"]
[WhiteElo "1428"]
[BlackElo "1833"]

1.f4 g6 2.Nf3 Bg7 3.e3 d6 4.Bb5+ c6 5.Be2 b5 6.c4 a6 7.O-O Nf6 8.Nc3 b4 9.
Na4 c5 10.Nh4 Bd7 11.Bf3 Nc6 12.b3 Rb8 13.Bb2 O-O 14.Qe1 Qe8 15.d4 Na5 16.
dxc5 Bxa4 17.bxa4 Nxc4 18.Bxf6 Bxf6 19.Rc1 Bxh4 20.Qxh4 Nxe3 21.cxd6 Nf5 
22.Qe1 exd6 23.Rc6 a5 0-1

[Event "1994/95 Cepacol Australian Open"]
[Site "Kings Perth Hotel"]
[Date "1994.12.28"]
[Round "1"]
[White "Komljenovic, Stojan"]
[Black "Maris, Rob"]
[Result "0-1"]
[WhiteElo "1396"]
[BlackElo "1821"]

1.e4 c5 2.Nf3 d6 3.h3 Nf6 4.Nc3 a6 5.a3 b5 6.b4 cxb4 7.axb4 Bb7 8.e5 dxe5 
9.Nxe5 Qd4 10.Nd3 Nc6 11.Nc5 Ne4 12.N5xe4 Nxb4 13.Ng3 Qe5+ 14.Nge2 e6 15.
Bb2 Be7 16.d4 Qf5 17.Rc1 Bg5 18.Ng3 Qg6 19.Ba3 Bxc1 20.Bxb4 Bf4 21.Nce2 
Bc7 22.c3 f5 23.Qd3 f4 24.Nxf4 Bxf4 25.Qxg6+ hxg6 26.Ne2 Bc7 27.f3 Kd7 28.
Kf2 Bd5 29.Nc1 Bc4 30.Bd3 a5 31.Ba3 Bd6 32.Bb2 a4 33.Bxg6 a3 34.Ba1 Rhb8 
35.Be4 Ra7 36.Nd3 b4 37.cxb4 Bxb4 38.Rb1 Bd6 39.Nc5+ Ke7 40.Rc1 Bd5 41.Bd3
Rc8 42.g4 Rac7 43.h4 Kf7 44.h5 Bxc5 45.Bg6+ Kf8 46.dxc5 Rxc5 47.Rd1 Rc1 
48.Rxd5 exd5 49.Be5 a2 50.Bf5 R8c3 51.Bd6+ Kf7 52.Be5 a1=Q 53.Bg6+ Kg8 54.
Kg3 Rg1+ 55.Kh4 Qe1+ 56.Kg5 Qxe5+ 0-1

[Event "1994/95 Cepacol Australian Open"]
[Site "Kings Perth Hotel"]
[Date "1994.12.28"]
[Round "1"]
[White "Whitehead, Paul "]
[Black "COMP Novag Diamond"]
[Result "0-1"]
[WhiteElo "1536"]
[BlackElo "2100"]

1.d4 d5 2.c4 dxc4 3.Nc3 a6 4.Nf3 b5 5.g3 Nf6 6.Bg2 Bb7 7.Bg5 Nbd7 8.O-O e6
9.b3 Nb6 10.e3 c5 11.bxc4 Nxc4 12.Nd2 Bxg2 13.Kxg2 Nxd2 14.Qxd2 cxd4 15.
exd4 Bb4 16.Qd3 Bxc3 17.Qxc3 Qd5+ 18.f3 Qxg5 19.Qc6+ Ke7 20.Rac1 Qd5 21.
Qc7+ Nd7 22.Qf4 Rhc8 23.Qh4+ Nf6 24.Qf4 Rxc1 25.Rxc1 Rd8 26.Qc7+ Rd7 27.
Qa5 Qxd4 28.Rc6 Qd2+ 29.Qxd2 Rxd2+ 30.Kf1 Rxa2 31.h3 Nd5 32.h4 b4 33.Ke1 
b3 34.Kd1 Ra1+ 35.Kd2 b2 36.Rxa6 Rxa6 37.Kd3 b1=Q+ 38.Kc4 Ra4+ 39.Kc5 Qb6#
0-1

[Event "1994/95 Cepacol Australian Open"]
[Site "Kings Perth Hotel"]
[Date "1994.12.28"]
[Round "1"]
[White "Fitzpatrick, Simon"]
[Black "Brockman, Roland"]
[Result "1-0"]
[WhiteElo "2020"]
[BlackElo "1532"]

1.d4 f5 2.Nc3 d5 3.Bf4 e6 4.Qd3 Bd6 5.Bxd6 Qxd6 6.Nf3 Nf6 7.h3 b6 8.g4 Ba6
9.Qe3 f4 10.Qd2 Nc6 11.e4 fxe3 12.Qxe3 Bxf1 13.Rxf1 O-O-O 14.O-O-O Rde8 
15.Ne5 Nd8 16.g5 Nd7 17.Nb5 Qb4 18.Nxa7+ Kb7 19.Nxd7 Kxa7 20.Rd3 Nc6 21.
Ra3+ Kb7 22.Nc5+ bxc5 23.Rb3 e5 24.dxc5 Qxb3 25.Qxb3+ Kc8 26.Qa4 Ne7 27.
Re1 Ng6 28.Qa8+ Kd7 29.Qxd5+ Kc8 30.c6 Rd8 31.Qe6+ Kb8 32.Qb3+ 1-0

[Event "1994/95 Cepacol Australian Open"]
[Site "Kings Perth Hotel"]
[Date "1994.12.28"]
[Round "1"]
[White "McLean, Dougal"]
[Black "Wastell, Gary"]
[Result "0-1"]
[WhiteElo "1467"]
[BlackElo "1864"]

1.d4 Nf6 2.c4 c5 3.e3 g6 4.Nc3 Bg7 5.Nf3 O-O 6.Be2 cxd4 7.exd4 d5 8.O-O 
Nc6 9.Be3 dxc4 10.Bxc4 Bg4 11.Be2 Rc8 12.h3 Bf5 13.Nh4 Be6 14.a3 Nd5 15.
Nxd5 Bxd5 16.Nf3 Qd7 17.Rc1 Rfd8 18.Qd2 Bxf3 19.Bxf3 Nxd4 20.Bxd4 Bxd4 21.
Rcd1 e5 22.Rfe1 Rc7 23.Qe2 Rdc8 24.Be4 f5 25.Bb1 Kg7 26.Kh1 Qc6 27.f4 Qb6 
28.fxe5 Qxb2 29.Rd2 Qb6 30.Red1 Rc1 31.Ba2 Rxd1+ 32.Rxd1 Rc3 33.e6 Re3 34.
Qd2 Re4 35.Bd5 Rh4 36.e7 Qb5 37.Qb4 Rxh3+ 38.gxh3 Qxd5+ 39.Kh2 Be5+ 40.Kg1
Qxd1+ 41.Kf2 Qd4+ 42.Ke2 Qxb4 43.e8=Q Qe4+ 44.Kd1 Qd3+ 45.Kc1 Qxa3+ 46.Kc2
Qc5+ 47.Kb3 Qc3+ 48.Ka4 Qc6+ 0-1

[Event "1994/95 Cepacol Australian Open"]
[Site "Kings Perth Hotel"]
[Date "1994.12.28"]
[Round "1"]
[White "Lilly, Richard"]
[Black "Moehler, Garry"]
[Result "1-0"]
[WhiteElo "1830"]
[BlackElo "1426"]

1.d4 Nf6 2.c4 e6 3.Nc3 d6 4.Nf3 Bd7 5.e4 Be7 6.Bd3 Nc6 7.O-O h6 8.a3 Qc8 
9.b4 a6 10.Qe2 e5 11.d5 Nd4 12.Nxd4 exd4 13.Na2 Ng4 14.Bb2 Bf6 15.Nc1 c5 
16.dxc6 bxc6 17.Nb3 c5 18.e5 Bxe5 19.f4 Ne3 20.fxe5 dxe5 21.Nxc5 Bg4 22.
Qe1 Qc6 23.Be4 Qc8 24.Bxa8 Qxa8 25.Qg3 f6 26.Rfe1 h5 27.Rxe3 dxe3 28.Qxe3 
O-O 29.h3 Bf5 30.Rf1 g6 31.Rd1 Qc6 32.Qd2 Kg7 33.Qd5 Qb6 34.Qd6 Qxd6 35.
Rxd6 Rc8 36.Rxa6 Rd8 37.Ne6+ Bxe6 38.Rxe6 Kf7 39.Rc6 Rd1+ 40.Kh2 Ke7 41.b5
Rd2 42.Bc3 Rc2 43.Bb4+ Kd7 44.c5 e4 45.Rxf6 e3 46.c6+ Kc7 47.Ba5+ 1-0

[Event "1994/95 Cepacol Australian Open"]
[Site "Kings Perth Hotel"]
[Date "1994.12.28"]
[Round "1"]
[White "Field, Jason"]
[Black "Paxman, Brian"]
[Result "1-0"]
[WhiteElo "1786"]
[BlackElo "1344"]

1.e4 e5 2.Nf3 Nc6 3.Bb5 a6 4.Ba4 Nf6 5.O-O Be7 6.Re1 O-O 7.Bxc6 dxc6 8.
Nxe5 Qd6 9.d4 c5 10.Nf3 Qb6 11.d5 Bg4 12.e5 Nh5 13.h3 Bxf3 14.Qxf3 g6 15.
Nc3 Rad8 16.d6 cxd6 17.Nd5 Qa5 18.Nxe7+ Kh8 19.Bg5 Rde8 20.Qf6+ Ng7 21.Bh6
Rg8 22.Qxf7 Nf5 23.Nxf5 1-0

[Event "1994/95 Cepacol Australian Open"]
[Site "Kings Perth Hotel"]
[Date "1994.12.28"]
[Round "1"]
[White "Koshnitsky, Ngan"]
[Black "Saffen, Jack"]
[Result "1-0"]
[WhiteElo "1948"]
[BlackElo "1530"]

1.d4 d5 2.Nf3 Nf6 3.e3 g6 4.Bd3 Bg7 5.O-O O-O 6.Nbd2 c5 7.c3 Nbd7 8.Qe2 b6
9.e4 dxe4 10.Nxe4 cxd4 11.Nxd4 Bb7 12.Re1 Rc8 13.Bg5 h6 14.Bh4 Nxe4 15.
Bxe4 Bxe4 16.Qxe4 Bf6 17.Rad1 Nc5 18.Qg4 Bxh4 19.Qxh4 e5 20.Qxd8 Rcxd8 21.
Rxe5 Rfe8 22.Rxe8+ Rxe8 23.f3 Rd8 24.Kf2 Re8 25.Nc6 a6 26.Nb4 Re6 27.Nd5 
Kf8 28.c4 f5 29.Nc3 Ke7 30.b4 Nb7 31.Nd5+ Kf7 32.Nc7 Rd6 33.Rxd6 Nxd6 34.
c5 bxc5 35.bxc5 Nb5 36.Nxb5 axb5 37.Ke3 Ke7 38.Kd4 Ke6 39.f4 g5 40.g3 g4 
41.c6 Kd6 42.c7 Kxc7 43.Kc5 1-0

[Event "1994/95 Cepacol Australian Open"]
[Site "Kings Perth Hotel"]
[Date "1994.12.28"]
[Round "1"]
[White "Tindall, Brett"]
[Black "Pike, David"]
[Result "1-0"]
[WhiteElo "1851"]
[BlackElo "1435"]

1.e4 c5 2.Nf3 Nc6 3.d4 cxd4 4.Nxd4 Nf6 5.Nc3 e6 6.Be2 Bb4 7.Bf3 d5 8.exd5 
Nxd5 9.O-O Nxc3 10.bxc3 Nxd4 11.cxb4 O-O 12.Bb2 Nxf3+ 13.Qxf3 Rb8 14.Be5 
Ra8 15.Rad1 Qb6 16.Qc3 f6 17.Bd6 Rf7 18.Rfe1 Bd7 19.Qb3 Rc8 20.c4 g6 21.b5
a6 22.a4 axb5 23.axb5 Kg7 24.Re2 e5 25.Rc2 Re8 26.Rb2 Re6 27.c5 Qd8 28.Qd5
Qc8 29.Rc1 Re8 30.c6 Be6 31.Qc5 bxc6 32.bxc6 Qa6 33.h3 h5 34.Rcb1 Bf5 35.
Rc1 Ra8 36.Rb6 Qc8 37.Kh2 Rfa7 38.Qb4 Ra4 39.Rb7+ Kh6 40.Qd2+ g5 41.Bb4 
Kg6 42.Qd6 R4a6 43.Qe7 Qg8 44.c7 Re8 45.Qc5 Raa8 46.Rd1 Rec8 47.Rb6 Rf8 
48.Qxe5 Rf7 49.Bc3 Qg7 50.Rd5 1-0

[Event "1994/95 Cepacol Australian Open"]
[Site "Kings Perth Hotel"]
[Date "1994.12.28"]
[Round "1"]
[White "Klimenko, Veronica"]
[Black "Galvin, Robert"]
[Result "1/2-1/2"]
[WhiteElo "1722"]
[BlackElo "1274"]

1.e4 c5 2.Nc3 d6 3.g3 Nf6 4.Bg2 e6 5.f4 Nc6 6.Nf3 Be7 7.O-O O-O 8.d3 a6 9.
a4 Bd7 10.Re1 Qc7 11.b3 Rab8 12.Bb2 b5 13.axb5 axb5 14.Qd2 Qb6 15.Kh1 Ra8 
16.e5 Rxa1 17.Rxa1 dxe5 18.Nxe5 Nxe5 19.fxe5 Ng4 20.Qf4 Nh6 21.Ne4 Nf5 22.
Re1 Bc6 23.Rf1 Nd4 24.Bxd4 cxd4 25.Nf6+ Bxf6 26.exf6 Bxg2+ 27.Kxg2 gxf6 
28.Qg4+ Kh8 29.Rxf6 Qc6+ 30.Kh3 Qd7 31.Qe4 e5+ 32.Kg2 Qc7 33.Rc6 Qe7 34.
Qd5 Rb8 35.Rc5 1/2-1/2

[Event "1994/95 Cepacol Australian Open"]
[Site "Kings Perth Hotel"]
[Date "1994.12.28"]
[Round "1"]
[White "Freilich, Asher"]
[Black "Stannard, Vernon"]
[Result "1/2-1/2"]
[WhiteElo "1037"]
[BlackElo "1639"]

1.d4 Nf6 2.Nf3 g6 3.Bf4 Bg7 4.h3 c5 5.e3 cxd4 6.exd4 Nc6 7.c3 d5 8.Be2 O-O
9.O-O Bd7 10.Nbd2 Rc8 11.Nb3 Qb6 12.Rb1 Rce8 13.Qc1 Bc8 14.Bh6 a6 15.Bxg7 
Kxg7 16.Qf4 Nd8 17.Rfe1 h6 18.Qe5 Nc6 19.Qh2 g5 20.Ne5 Rg8 21.Nxc6 Qxc6 
22.Qe5 Kf8 23.Bf3 g4 24.hxg4 Bxg4 25.Qf4 Bxf3 26.Qxf3 Ne4 27.Qe3 Qg6 28.
Qh3 b6 29.Rbd1 Ng5 30.Qd3 Qh5 31.Re3 Ne4 32.Rh3 Qg4 33.Qf3 Qg6 34.Rh2 Ng5 
35.Qh5 Qxh5 36.Rxh5 Rg6 37.Rd3 1/2-1/2

[Event "1994/95 Cepacol Australian Open"]
[Site "Kings Perth Hotel"]
[Date "1994.12.28"]
[Round "1"]
[White "Hruby, Peter"]
[Black "Dix, Peter"]
[Result "0-1"]
[WhiteElo "1384"]
[BlackElo "1787"]

1.d4 Nf6 2.c4 g6 3.Nf3 Bg7 4.Nc3 d6 5.Bg5 O-O 6.e3 Nbd7 7.Qc2 e5 8.Be2 c6 
9.h3 a6 10.O-O Qe8 11.dxe5 dxe5 12.Nd2 h6 13.Bh4 Nh7 14.e4 Nc5 15.f3 Ne6 
16.Bg3 Nf4 17.Bxf4 exf4 18.Nb3 Qe7 19.Nd1 Qg5 20.Nf2 Qg3 21.Nh1 Qh4 22.Nf2
Ng5 23.Rad1 Qg3 24.Kh1 Re8 25.Qd2 Nxh3 26.Nxh3 Bxh3 27.Bd3 Re5 28.Qf2 
Bxg2+ 29.Kg1 Bxf1+ 30.Qxg3 fxg3 31.Bxf1 Ree8 32.Kg2 Be5 33.Rd2 Red8 34.Rc2
b6 35.Nc1 Bc7 36.Ne2 Rd7 37.Nxg3 Rad8 38.Rf2 Rd2 39.b4 Bxg3 40.Kxg3 Rxf2 
41.Kxf2 Rd2+ 42.Ke3 Rxa2 43.b5 cxb5 44.cxb5 a5 45.f4 Ra3+ 46.Bd3 Rxd3+ 47.
Kxd3 h5 48.Kd4 h4 49.Kd5 h3 50.Kc6 h2 51.Kxb6 h1=Q 52.Kxa5 Qxe4 53.b6 Qb7 
54.Kb5 Kg7 0-1

[Event "1994/95 Cepacol Australian Open"]
[Site "Kings Perth Hotel"]
[Date "1994.12.28"]
[Round "1"]
[White "Meyer, Paul"]
[Black "Cox, Alan"]
[Result "1-0"]
[WhiteElo "1805"]
[BlackElo "1386"]

1.d4 Nf6 2.c4 e6 3.a3 Nc6 4.Nf3 Be7 5.e3 d5 6.b4 a6 7.Bb2 Na7 8.Nbd2 b5 9.
c5 c6 10.Bd3 Qc7 11.Ne5 Bd8 12.O-O O-O 13.f4 Bd7 14.Rf3 h6 15.Rh3 Nh7 16.
Bxh7+ Kxh7 17.g4 f6 18.Qc2+ f5 19.Ndf3 Be8 20.Kh1 Bg6 21.Rg1 Nc8 22.Nxg6 
Kxg6 23.gxf5+ Kf7 24.fxe6+ Kxe6 25.Ne5 Bf6 26.e4 Bxe5 27.fxe5 Ne7 28.Rxg7 
Rf1+ 29.Kg2 Raf8 30.exd5+ cxd5 31.Rxh6+ Kd7 32.Rhh7 Kd8 33.Rxe7 Qc8 34.
Rd7+ Qxd7 35.Rxd7+ Kxd7 36.Bc1 R1f5 37.h4 Rg8+ 38.Bg5 Rgf8 39.c6+ Kc7 40.
Qc5 Rf2+ 41.Kg3 1-0

[Event "1994/95 Cepacol Australian Open"]
[Site "Kings Perth Hotel"]
[Date "1994.12.28"]
[Round "1"]
[White "Runciman, Alan"]
[Black "Cordover, David"]
[Result "1-0"]
[WhiteElo "1227"]
[BlackElo "1688"]

1.g4 d5 2.Bg2 Bxg4 3.c4 c6 4.Qb3 Qc7 5.cxd5 cxd5 6.Nc3 Nf6 7.Nxd5 Nxd5 8.
Bxd5 Nc6 9.Bxf7+ Kd8 10.d3 e5 11.h3 Nd4 12.Qd5+ Bd7 13.Bg5+ Kc8 14.Rc1 Bc6
15.Qc4 Bd6 16.Bd5 b5 17.Qxd4 exd4 18.Rxc6 Rb8 19.a3 Kd7 20.Rxc7+ Bxc7 21.
Nf3 b4 22.a4 Rhc8 23.Kd2 h6 24.Bh4 b3 25.Nxd4 Ba5+ 26.Kd1 Rb4 27.Be6+ Kc7 
28.Nb5+ Kb6 29.Bxc8 Rxa4 30.Bd8+ Kxb5 31.Bd7+ 1-0

[Event "1994/95 Cepacol Australian Open"]
[Site "Kings Perth Hotel"]
[Date "1994.12.28"]
[Round "1"]
[White "List, Ross"]
[Black "Gough, Dylan"]
[Result "1-0"]
[WhiteElo "1651"]
[BlackElo "1124"]

1.d4 Nf6 2.c4 d5 3.cxd5 Nxd5 4.e3 Bd7 5.Nc3 e6 6.Nf3 Nc6 7.Nxd5 exd5 8.a3 
a6 9.Qb3 Bc8 10.Bd3 Be7 11.O-O O-O 12.Bd2 b6 13.Qc2 g6 14.Qxc6 Be6 15.Rfc1
Ra7 16.Bb1 Bf6 17.Ba2 Re8 18.b4 Re7 19.a4 Rd7 20.a5 Rd6 21.Qc3 c6 22.Ne5 
bxa5 23.Nxc6 axb4 24.Qxb4 Rxc6 25.Rxc6 Be7 26.Qb6 Qxb6 27.Rxb6 Kg7 28.Bb3 
Kf6 29.Bxd5 1-0

[Event "1994/95 Cepacol Australian Open"]
[Site "Kings Perth Hotel"]
[Date "1994.12.29"]
[Round "2"]
[White "Wohl, Aleksandar H"]
[Black "Kueh, Michael"]
[Result "1-0"]
[WhiteElo "2305"]
[BlackElo "1677"]

1.c4 g6 2.Nc3 Bg7 3.g3 e5 4.Bg2 d6 5.d3 f5 6.Nf3 Nf6 7.O-O O-O 8.Rb1 a5 9.
a3 Nc6 10.b4 axb4 11.axb4 h6 12.b5 Ne7 13.c5 Ned5 14.Nxd5 Nxd5 15.Qb3 dxc5
16.e4 Be6 17.exd5 Bxd5 18.Qc2 b6 19.Bb2 Ra2 20.Nh4 g5 21.Bxd5+ Qxd5 22.Ng2
f4 23.Qc4 Rd8 24.gxf4 exf4 25.Bxg7 Kxg7 26.Qc3+ Qd4 27.Qe1 Rd7 28.Qe8 Qxd3
29.Rbe1 Qf5 30.Re7+ Rxe7 31.Qxe7+ Qf7 32.Qe5+ Kg8 33.h4 Rd2 34.Ra1 Rd5 35.
Ra8+ 1-0

[Event "1994/95 Cepacol Australian Open"]
[Site "Kings Perth Hotel"]
[Date "1994.12.29"]
[Round "2"]
[White "Telfer, Kenneth"]
[Black "Byrne, Stewart"]
[Result "1/2-1/2"]
[WhiteElo "1721"]
[BlackElo "2175"]

1.e4 e5 2.Nf3 Nc6 3.Bb5 a6 4.Ba4 Nf6 5.O-O Be7 6.Re1 b5 7.Bb3 O-O 8.h3 Bb7
9.d3 d6 10.c3 Na5 11.Bc2 c5 12.Nbd2 Nc6 13.Nf1 Re8 14.Ng3 Bf8 15.a4 d5 16.
Bg5 d4 17.Nh2 h6 18.Bd2 g6 19.f4 exf4 20.Bxf4 Bg7 21.Nf3 Nd7 22.Qd2 Kh7 
23.Rad1 Nde5 24.Nxe5 Bxe5 25.Ne2 Bg7 26.Rf1 Re7 27.Bb3 Qd7 28.Qe1 Rae8 29.
Qh4 b4 30.cxb4 cxb4 31.g4 Na5 32.Bc2 b3 33.Bb1 Qxa4 34.Bxh6 Bxh6 35.g5 Qd7
36.Nf4 Re5 37.Qxh6+ Kg8 38.Rf2 Qe7 39.h4 Qf8 40.Qxf8+ Rxf8 41.Rdf1 Kg7 42.
Kg2 Rd8 43.Kg3 Rd7 44.Kg4 Nc6 45.h5 Nd8 46.h6+ Kh7 47.Kh4 a5 48.Rf3 Rc5 
49.Nh3 Rdc7 50.Nf2 Bc8 51.e5 Rxe5 52.Ne4 Be6 53.Rf4 Rf5 54.Nf6+ Kh8 55.
Rxd4 Nc6 56.Rdf4 Rxf4+ 57.Rxf4 Ne5 58.d4 Rc4 59.Kg3 Nd7 60.Nxd7 Bxd7 61.
Bxg6 fxg6 62.Rf8+ Kh7 63.Rf7+ Kh8 64.Rxd7 Rc2 65.Rd8+ Kh7 66.Rd7+ Kh8 67.
Ra7 Rxb2 68.Rxa5 Rb1 69.Rb5 b2 70.Kh2 Kh7 71.Rb7+ Kh8 72.Rb8+ Kh7 73.d5 
Rd1 74.Rxb2 Rxd5 75.Rg2 Rd1 76.Rg4 Rd2+ 77.Kh3 Rd5 78.Kh4 Rd1 79.Re4 Rh1+ 
80.Kg4 Rg1+ 81.Kf4 Rf1+ 82.Kg4 Rg1+ 83.Kf4 Rf1+ 84.Ke3 Rf5 85.Rg4 Kh8 
1/2-1/2

[Event "1994/95 Cepacol Australian Open"]
[Site "Kings Perth Hotel"]
[Date "1994.12.29"]
[Round "2"]
[White "Ellis, David"]
[Black "Haasse, Adam"]
[Result "1/2-1/2"]
[WhiteElo "1943"]
[BlackElo "1659"]

1.Nf3 Nf6 2.g3 g6 3.b4 Bg7 4.Bb2 d6 5.Bg2 O-O 6.O-O e5 7.d3 c6 8.c4 Bd7 9.
Qc2 Na6 10.a3 Qe7 11.Nbd2 Rae8 12.e4 Ng4 13.Rae1 Nc7 14.d4 b6 15.h3 Nh6 
16.dxe5 dxe5 17.Nb3 f6 18.c5 Ne6 19.cxb6 axb6 20.Rd1 Rc8 21.Qd3 Rfd8 22.
Qd6 Bf8 23.Qxe7 Bxe7 24.Rd2 c5 25.bxc5 bxc5 26.Na5 Nd4 1/2-1/2

[Event "1994/95 Cepacol Australian Open"]
[Site "Kings Perth Hotel"]
[Date "1994.12.29"]
[Round "2"]
[White "Chai, Patrick"]
[Black "Teh, Eu-Jin"]
[Result "1/2-1/2"]
[WhiteElo "1632"]
[BlackElo "1862"]

1.e4 c6 2.d4 d5 3.Nc3 dxe4 4.Nxe4 Bf5 5.Ng3 Bg6 6.Nf3 Nd7 7.Bd3 Bxd3 8.
Qxd3 Qc7 9.Be3 e6 10.O-O Ngf6 11.h3 Be7 12.c4 O-O 13.Rfd1 Rfd8 14.Qc2 c5 
15.dxc5 Bxc5 16.Bxc5 Qxc5 17.Ne4 Nxe4 18.Qxe4 Qb4 19.Qe2 h6 20.b3 Nf6 
1/2-1/2

[Event "1994/95 Cepacol Australian Open"]
[Site "Kings Perth Hotel"]
[Date "1994.12.29"]
[Round "2"]
[White "Salter, Michael"]
[Black "List, Ross"]
[Result "1/2-1/2"]
[WhiteElo "1883"]
[BlackElo "1651"]

1.e4 e6 2.d4 d5 3.Nd2 c5 4.exd5 Qxd5 5.Ngf3 cxd4 6.Bc4 Qd6 7.O-O Nf6 8.Nb3
Nc6 9.Nbxd4 Nxd4 10.Nxd4 a6 11.a4 Bd7 12.b3 Nd5 13.Ba3 Qc7 14.Bxf8 Kxf8 
15.Bxd5 exd5 16.Qd2 f6 17.Rfe1 Kf7 18.Ne2 Qc5 19.Rad1 Bf5 20.Qxd5+ Qxd5 
21.Rxd5 Bxc2 22.Nd4 Rac8 23.Rd7+ Kg6 24.Rxb7 Rhd8 25.Ne6 Re8 26.Re3 Rxe6 
27.Rg3+ Kf5 28.Rf3+ 1/2-1/2

[Event "1994/95 Cepacol Australian Open"]
[Site "Kings Perth Hotel"]
[Date "1994.12.29"]
[Round "2"]
[White "Low, Sam"]
[Black "Fletcher, Ted"]
[Result "1-0"]
[WhiteElo "1852"]
[BlackElo "1626"]

1.e4 d5 2.exd5 Nf6 3.d4 Qxd5 4.Nc3 Qd6 5.Bc4 c6 6.Nge2 Bg4 7.f3 Bf5 8.Bf4 
Qd8 9.Ng3 Bg6 10.h4 h5 11.Qd2 e6 12.O-O-O Bd6 13.Nge4 Bxf4 14.Qxf4 Nxe4 
15.Nxe4 Bxe4 16.fxe4 Rh6 17.d5 Qf6 18.Qc7 Qe7 19.Qc8+ Qd8 20.Qxb7 1-0

[Event "1994/95 Cepacol Australian Open"]
[Site "Kings Perth Hotel"]
[Date "1994.12.29"]
[Round "2"]
[White "Suryadinata, Henry"]
[Black "Paxman, Jonathan"]
[Result "1-0"]
[WhiteElo "1833"]
[BlackElo "1612"]

1.c4 Nf6 2.g3 c5 3.Bg2 Nc6 4.Nc3 e6 5.e4 Be7 6.Nge2 O-O 7.O-O d6 8.d3 Bd7 
9.f4 a6 10.Rb1 Rb8 11.d4 cxd4 12.Nxd4 Qc7 13.Nxc6 Bxc6 14.Be3 b5 15.cxb5 
axb5 16.Qc2 b4 17.Nd5 exd5 18.exd5 Rbc8 19.dxc6 d5 20.Rbc1 Rfd8 21.Bh3 Ra8
22.Kh1 Ra6 23.Bd4 Ne4 24.Bf5 Bf6 25.Be5 Bxe5 26.fxe5 Re8 27.Bxe4 dxe4 28.
Qxe4 Rxe5 29.Qxe5 Qxe5 30.c7 Qe4+ 31.Kg1 Qe3+ 32.Kg2 Qd2+ 33.Kh1 1-0

[Event "1994/95 Cepacol Australian Open"]
[Site "Kings Perth Hotel"]
[Date "1994.12.29"]
[Round "2"]
[White "Maris, Rob"]
[Black "Pavlovic, Mick"]
[Result "1/2-1/2"]
[WhiteElo "1821"]
[BlackElo "1589"]

1.d4 Nf6 2.c4 c5 3.d5 e6 4.Nc3 exd5 5.cxd5 d6 6.e4 g6 7.Bd3 Bg7 8.Nge2 a6 
9.a4 O-O 10.O-O Re8 11.Ng3 Ng4 12.Be2 Qh4 13.h3 Nxf2 14.Rxf2 Qxg3 15.Rf3 
Bd4+ 16.Kh1 Qe5 17.Qf1 Qe7 18.Bd3 Nd7 19.Ne2 Bg7 20.Ra3 Ne5 21.Rf2 Nxd3 
22.Rxd3 Bd7 23.Rdf3 Rf8 24.Nc3 Rab8 25.a5 b5 26.axb6 Rxb6 27.Qd3 f5 28.
exf5 Bxf5 29.Qf1 Bc8 30.Rxf8+ Bxf8 31.Bg5 Qe8 32.Ne4 Bg7 33.Nf6+ Bxf6 34.
Rxf6 Rb7 35.Rxd6 Rf7 36.Qc1 Bd7 37.Qe3 Qxe3 38.Bxe3 Bb5 39.Bxc5 Rd7 40.
Rxd7 Bxd7 41.Kh2 Kf7 42.Kg3 Bb5 43.h4 h5 44.Kf4 Ke8 45.Ke5 Kd7 46.g3 Bd3 
47.b4 1/2-1/2

[Event "1994/95 Cepacol Australian Open"]
[Site "Kings Perth Hotel"]
[Date "1994.12.29"]
[Round "2"]
[White "Harp, Joel"]
[Black "Fitzpatrick, Simon"]
[Result "1/2-1/2"]
[WhiteElo "1723"]
[BlackElo "2020"]

1.d4 d5 2.c4 e6 3.Nc3 c5 4.cxd5 cxd4 5.dxe6 Bxe6 6.Qa4+ Nc6 7.Ne4 Qd5 8.
Nd2 Nf6 9.Ngf3 b5 10.Qd1 Rc8 11.a3 Bc5 12.g3 O-O 13.Bg2 Rfe8 14.O-O Bb6 
15.b4 d3 16.exd3 Qxd3 17.Bb2 Ng4 18.h3 Nh6 19.Rc1 Nd4 20.Rxc8 Rxc8 21.Nxd4
Bxd4 1/2-1/2

[Event "1994/95 Cepacol Australian Open"]
[Site "Kings Perth Hotel"]
[Date "1994.12.29"]
[Round "2"]
[White "COMP Novag Diamond"]
[Black "Dwyer, Daniel"]
[Result "1-0"]
[WhiteElo "2100"]
[BlackElo "1718"]

1.e4 c5 2.Nf3 d6 3.d4 cxd4 4.Nxd4 Nf6 5.Nc3 Nc6 6.Bg5 e6 7.Qd2 a6 8.O-O-O 
Bd7 9.f4 Be7 10.Nf3 b5 11.Bxf6 gxf6 12.f5 Qb6 13.Kb1 O-O-O 14.g3 Qc5 15.a4
Ne5 16.Nd4 Nc4 17.Bxc4 bxc4 18.Qh6 Rdg8 19.Qh3 Qe5 20.Qh5 Rg7 21.Rhe1 Kc7 
22.Nd5+ exd5 23.exd5 Rg5 24.Qxf7 Rf8 25.Qxh7 1-0